| 000 | 01041nac a22002891u 4500 | ||
|---|---|---|---|
| 003 | EG-ScBUE | ||
| 005 | 20220414112736.0 | ||
| 008 | 200219s1996 ii f b 000 0 eng d | ||
| 040 |
_aEG-ScBUE _beng _erda _cEG-ScBUE _dEG-ScBUE |
||
| 082 | 0 | 4 |
_a882.01 _bSOP _222 |
| 100 | 0 |
_aSophocles. _eauthor. |
|
| 245 | 1 | 0 |
_aOedipus rex : _ba critical study / _cSophocles ; Ramji Lall, M.A., formerly principal, Dyal Singh College, University of Delhi. |
| 250 | _aThirteenth edition. | ||
| 264 | 1 |
_aNew Delhi : _bRama Brothers Educational Publishers, _c1996. |
|
| 300 |
_aviii, 155 pages ; _c24 cm |
||
| 336 |
_2rdacontent _atext _btxt |
||
| 337 |
_2rdamedia _aunmediated _bn |
||
| 338 |
_2rdacarrier _avolume _bnc |
||
| 504 | _aIncludes bibliographical references. | ||
| 650 | 7 |
_aSophocles. Oedipus Rex. _2BUEsh |
|
| 650 | 7 |
_aOedipus (Greek mythology) in literature. _2BUEsh |
|
| 651 | _2BUEsh | ||
| 653 |
_bHHUUEENN _cApril2022 |
||
| 655 |
_vReading book _934232 |
||
| 700 | 1 |
_aLall, Ramji, _eeditor. |
|
| 942 |
_cBB _k882.01 SOP _2ddc |
||
| 999 |
_c9744 _d9744 |
||